The teaching of arithmetic in primary schools / (Record no. 6007)
[ view plain ]
| 000 -LEADER | |
|---|---|
| fixed length control field | 00727nam a22002412a 4500 |
| 001 - CONTROL NUMBER | |
| JCCL Control Number | 6007 |
| 003 - CONTROL NUMBER IDENTIFIER | |
| JCCL marc code | Bd-JhCC |
| 005 - DATE AND TIME OF LATEST TRANSACTION | |
| control field | 20171231180456.0 |
| 008 - FIXED-LENGTH DATA ELEMENTS--GENERAL INFORMATION | |
| fixed length control field | 500101r19591962enka 001 0 eng d |
| 035 ## - SYSTEM CONTROL NUMBER | |
| system control number | (BD-JhCC)6007 |
| 040 ## - CATALOGING SOURCE | |
| Original cataloging agency | VYL |
| Transcribing agency | VYL |
| Modifying agency | UKM |
| -- | EQO |
| -- | BD-JhCC |
| 041 ## - LANGUAGE CODE | |
| Language code of Book | eng |
| 082 ## - DEWEY DECIMAL CLASSIFICATION NUMBER | |
| Classification number | 372.72044 |
| DDC Edition number | 18 |
| 090 ## - LOCALLY ASSIGNED LC-TYPE CALL NUMBER (OCLC); LOCAL CALL NUMBER (OCLC) | |
| Classification number (OCLC) (R) ; Classification number, CALL (RLIN) (NR) | QA135.5 |
| Local cutter number (OCLC) ; Book number/undivided call number, CALL (RLIN) | .D68 1958 |
| 100 1# - MAIN ENTRY--PERSONAL NAME | |
| Personal name | Downes, Leonard William. |
| 245 14 - TITLE STATEMENT | |
| Title | The teaching of arithmetic in primary schools / |
| Statement of responsibility, etc | by L. W. Downes and D. Paling |
| 260 ## - PUBLICATION, DISTRIBUTION, ETC. (IMPRINT) | |
| Place of publication, distribution, etc | Oxford University Press : |
| Name of publisher, distributor, etc | London, |
| Date of publication, distribution, etc | c1962 |
| 300 ## - PHYSICAL DESCRIPTION | |
| Pagination | xii, 293 p. : |
| Other physical details | ill. ; |
| Dimensions | 22 cm |
| 500 ## - GENERAL NOTE | |
| General note | Includes illustration |
| 650 #0 - SUBJECT ADDED ENTRY--TOPICAL TERM | |
| Topical term or geographic name as entry element | Arithmetic |
| General subdivision | Study and teaching (Primary) |
| 700 1# - ADDED ENTRY--PERSONAL NAME | |
| Personal name | Paling, D. |
| Fuller form of name | (Douglas) |
| 942 ## - ADDED ENTRY ELEMENTS (KOHA) | |
| Source of classification or shelving scheme | Dewey Decimal Classification |
| Koha item type | Books |
| Source of classification or shelving scheme | Damaged status | Not for loan | Home library | Current library | Shelving location | Date of accession | Total Checkouts | Full call number | Barcode | Date last seen | Copy number | Koha item type |
|---|---|---|---|---|---|---|---|---|---|---|---|---|
| Dewey Decimal Classification | JCC Rouf Library | JCC Rouf Library | General Stacks | 12/31/2017 | 372.72044 DOW 1962 | 914 | 12/31/2017 | C-1 | Books |